000 00377nam a2200169Ia 4500
100 _aWebster/John G
650 _aBiomedical instrumentation
250 _a3
942 _cBK
654 _amedical instrumentation
245 _aMedical instrumentation
260 _bJohn Wiley & Sons
_c1999
082 _a610.28
_bWEB
300 _a691
546 _aENGLISH
999 _c21148
_d21148